Statistics for Cities with 100,000 or more inhabitants by letter D

Click here to take the quiz!

General Stats

  • This quiz has been taken 34 times
  • The average score is 31 of 149

Answer Stats

CountryPopulationCity% Correct
USA, TX1,197,816Dallas
97%
Tanzania4,364,541Dar Es Salaam
97%
USA, CO600,158Denver
97%
Bangladesh8,906,039Dhaka
97%
India16,787,941Delhi
90%
India116,352Delhi Cantonment
90%
Germany551,072Dresden
90%
UAE3,137,463Dubai
90%
Senegal1,146,053Dakar
87%
Syria1,711,000Damascus
87%
Germany617,280Düsseldorf
87%
Qatar2,382,000Doha
83%
USA, MI713,777Detroit
80%
Djibouti219,000Djibouti
80%
Germany586,600Dortmund
80%
South Africa595,061Durban
80%
East Timor222,323Dili
77%
UK, Scotland148,270Dundee
77%
Ukraine929,063Donetsk
73%
Ireland554,554Dublin
73%
Tajikistan778,500Dushanbe
70%
USA, IA217,521Des Moines
63%
Australia145,916Darwin
60%
Tanzania410,956Dodoma
60%
France155,090Dijon
57%
Cameroon2,768,400Douala
57%
Saudi Arabia1,033,597Dammam
53%
China652,045Dali
50%
Germany498,110Duisburg
50%
China6,690,432Dalian
43%
Indonesia897,300Denpasar
43%
Ukraine1,000,506Dnipro
43%
South Korea2,501,673Daegu
40%
Philippines1,632,991Davao
40%
USA, OH141,759Dayton
40%
UK, England248,700Derby
40%
China8,220,207Dongguan
40%
USA, NC228,330Durham
40%
Hungary201,981Debrecen
37%
Vietnam1,215,000Da Nang
33%
Albania175,110Durrës
33%
Germany158,254Darmstadt
23%
USA, TX113,383Denton
23%
Netherlands118,450Dordrecht
23%
Ecuador235,769Durán
23%
Mexico1,754,754Durango
23%
South Korea1,508,120Daejeon
20%
New Zealand130,700Dunedin
20%
China1,580,000Daqing
13%
Netherlands101,400Delft
13%
India1,162,472Dhanbad
13%
USA, CA101,123Daly City
10%
India132,016Darjeeling
10%
China1,737,517Datong
10%
Ethiopia440,000Dire Dawa
10%
Turkey930,266Diyarbakır
10%
India268,679Durg
10%
China1,589,435Dazhou
7%
India578,420Dehradun
7%
Russia119,200Derbent
7%
Egypt337,303Damietta
3%
India1,264,219Damoh
3%
Turkmenistan210,000Daşoguz
3%
India111,149Deesa
3%
China300,000Dengzhou
3%
Turkey557,300Denizli
3%
Indonesia1,869,681Depok
3%
Pakistan399,064Dera Ghazi Khan
3%
China5,586,200Dezhou
3%
Saudi Arabia138,135Dhahran
3%
Nepal141,439Dharan
3%
India770,559Dhule
3%
India154,019Dibrugarh
3%
India122,834Dimapur
3%
India207,327Dindigul
3%
Brazil213,076Divinópolis
3%
China804,398Dongyang
3%
China756,676Dongying
3%
Brazil210,218Dourados
3%
USA, CA111,772Downey
3%
India114,786Dum Dum
3%
Brazil886,917Duque de Caxias
3%
India580,990Durgapur
3%
Russia240,742Dzerzhinsk
3%
India119,040Dabgram
0%
Poland123,376Dąbrowa Górnicza
0%
Pakistan1,550,266Dadu
0%
Philippines171,271Dagupan
0%
India130,503Dahod
0%
Japan122,227Daitō
0%
Vietnam406,105Da Lat
0%
India132,628Dallupura
0%
Ivory Coast319,427Daloa
0%
Egypt242,700Damanhur
0%
Philippines136,471Danao
0%
India182,241Danapur
0%
China865,576Dandong
0%
China468,293Dangyang
0%
China443,755Danjiangkou
0%
Honduras203,109Danlí
0%
China960,662Danyang
0%
Philippines126,595Daraga
0%
India267,348Darbhanga
0%
Pakistan175,464Daska
0%
Philippines659,019Dasmariñas
0%
India100,284Datia
0%
India435,129Davangere
0%
Myanmar139,900Dawei
0%
Sri Lanka245,974Dehiwala-Mount Lavinia
0%
India137,231Dehri
0%
Syria211,857Deir ez Zor
0%
Mexico148,045Delicias
0%
Haiti395,260Delmas
0%
India203,116Deoghar
0%
India119,432Deoli
0%
India129,570Deoria
0%
Turkey125,485Derince
0%
Ethiopia610,431Dessie
0%
India289,438Dewas
0%
China3,615,759Deyang
0%
Iran264,709Dezful
0%
Nepal147,181Dhangadhi
0%
India121,874Dharmavaram
0%
India126,142Dholpur
0%
Brazil412,428Diadema
0%
China241,431Diaobingshan
0%
Philippines169,393Digos
0%
Russia122,580Dimitrovgrad
0%
Bangladesh185,995Dinajpur
0%
China216,000Dingzhou
0%
Senegal133,705Diourbel
0%
Philippines130,759Dipolog
0%
Ivory Coast179,455Divo
0%
Iraq650,927Diwaniyah
0%
Algeria339,248Djelfa
0%
Iraq330,600Dohuk
0%
India1,246,381Dombivli
0%
China302,000Dongchuan
0%
China1,159,400Dongtai
0%
Spain131,317Dos Hermanas
0%
Colombia189,622Dos Quebradas
0%
Colombia113,105Duitama
0%
Iraq100,000Dujail
0%
China657,996Dujiangyan City
0%
Philippines131,377Dumaguete
0%
China480,000Dunhua
0%
China186,027Dunhuang
0%
China493,574Duyun
0%
Turkey135,557Düzce
0%

Score Distribution

Percentile by Number Answered

Percent of People with Each Score

Your Score History

You have not taken this quiz